| 000 | 01442cam a2200361 a 4500 | ||
|---|---|---|---|
| 001 | 113425 | ||
| 005 | 20230410103829.0 | ||
| 008 | 100506s2010 nyu b 001 0 eng | ||
| 035 | _a16219600 | ||
| 925 | 0 |
_aacquire _b2 shelf copies _xpolicy default _eclaim1 2010-12-15 |
|
| 942 |
_2lcc _cbk |
||
| 010 | _a 2010019320 | ||
| 020 | _a9781850659983 | ||
| 035 | _a(OCoLC)ocn320798591 | ||
| 040 |
_aDLC _cDLC _dBTCTA _dTOH _dYDXCP _dC#P _dBWX _dCDX _dDLC |
||
| 042 | _apcc | ||
| 043 | _aa-bg--- | ||
| 050 | 1 | 4 |
_a404 DS 395.5 _bA398u 2010 |
| 082 | 0 | 0 | _a954.9205 |
| 100 | 1 |
_aAli, S. Mahmud, _d1952- |
|
| 245 | 1 | 0 |
_aUnderstanding Bangladesh / _cS. Mahmud Ali. |
| 260 |
_aNew York : _bColumbia University Press, _cc2010. |
||
| 300 |
_axvii, 441 p. ; _c23 cm. |
||
| 504 | _aIncludes bibliographical references and index. | ||
| 505 | 0 | _aThe past as prologue, 1757-1971 -- War, independence, and blood-feuds, 1971-1975 -- In the valkyries' shadow, 1975-1990 -- The plight of parliamentary politics, 1990-2007 -- A 'reformist' interregnum, 2007-2009 -- A land of anger : right, left, centre, and the other -- Epilogue : a blood-soaked restoration. | |
| 651 | 0 |
_aBangladesh _xHistory. |
|
| 651 | 0 |
_aBangladesh _xPolitics and government _y1971- |
|
| 650 | 0 |
_aPolitical culture _zBangladesh. |
|
| 651 | 4 |
_aBangladesh _xHistoria. |
|
| 651 | 4 |
_aBangladesh _xPolítica y gobierno _y1971- |
|
| 650 | 4 |
_aCultura política _zBangladesh. |
|
| 946 | _aYSL | ||
| 999 |
_c26650 _d26650 |
||